Reflexes et Rapidité Extrême - Mort subite - Statistiques

Statistiques générales
  • Ce quiz a été pris 1 131 fois
    1 102 depuis la dernière actualisation
  • Le résultat moyen est 13 sur 40
Answers on the Grid
Answers color-coded by a green-red scale on the quiz's grid according to % correct below.
o
o
o
0
o
o
0
o
0
o
0
o
0
o
o
o
0
o
0
o
0
o
o
0
0
0
o
o
0
0
0
0
o
0
0
o
o
0
0
0
0
0
0
0
0
o
0
0
o
o
0
0
0
o
o
o
0
0
o
0
o
0
0
0
o
0
o
o
0
o
o
o
0
0
o
0
0
o
0
o
0
o
0
0
o
0
0
0
o
0
 
Statistiques - réponses
Réponse % Correct
o
38%
o
37%
o
37%
o
37%
o
36%
o
36%
o
35%
o
35%
o
35%
o
35%
o
34%
o
34%
o
34%
o
34%
o
34%
o
34%
o
34%
o
34%
o
34%
o
34%
o
34%
o
33%
o
33%
o
33%
o
33%
o
32%
o
32%
o
32%
o
32%
o
32%
o
32%
o
31%
o
31%
o
31%
o
31%
o
30%
o
30%
o
30%
o
30%
o
26%
Aucun quiz correspondant
Distribution des résultats
% des personnes avec chaque résultat
Percentile par nombre de réponses
Votre historique - résultats
Vous n’avez pas pris ce quiz depuis la dernière actualisation